000 00790nam a2200205Ia 4500
001 Z_2307
008 220601s9999 xx 000 0 und d
090 _aTesis D 816
100 _aDomínguez López, Zeferino
_933840
245 _aEstrategia para la simplificación del proceso de decisión para el otorgamiento del crédito agropecuario : estudio de caso / por Zeferino Domínguez López
260 _aChapingo, Méx. : El autor
300 _a83 h. : anexo
502 _aTesis (Ing. Agr. Esp. en Zootecnia) -- UACH. Departamento de Zootecnia
650 _a1. Crédito agrícola - México 2. Crédito ganadero - MéxicoÌ
_9179294
901 _aTESIS D 816
902 _aM
905 _a0000001993 0000000000 00
942 _c2
999 _c216864
_d216864